States that contain the letter "U" - Statistics

General Stats
  • This quiz has been taken 33 times
  • The average score is 5 of 7
Answer Stats
State % Correct
Utah
93%
Louisiana
83%
South Dakota
80%
South Carolina
77%
Missouri
73%
Massachusetts
67%
Kentucky
63%
No matching quizzes found
Score Distribution
Percent of People with Each Score
Percentile by Number Answered
Your Score History
You have not taken this quiz